[Event "Hamburg State-ch U12"]
[Site "Cuxhaven"]
[Date "2005.03.17"]
[Round "8"]
[White "Ma, Beini"]
[Black "Saak, Saskia"]
[Result "1-0"]
[WhiteElo "1559"]
[BlackElo "1114"]
[PlyCount "99"]
[EventDate "2005.03.12"]
[EventType "swiss"]
[EventRounds "9"]
[EventCountry "GER"]
[SourceTitle "EXT 2007"]
[Source "ChessBase"]
[SourceDate "2006.11.23"]
[SourceVersion "1"]
[SourceVersionDate "2006.11.23"]
[SourceQuality "1"]

1. e4 e6 2. d4 d5 3. Nc3 Nf6 4. Bg5 h6 5. Bxf6 gxf6 6. exd5 exd5 7. Qf3 Be6 8. 0-0-0 Nc6 9. Nge2 Be7 10. Nf4 Qd6 11. Ncxd5 Bxd5 12. Qxd5 Qxd5 13. Nxd5 0-0-0 14. Nxe7+ Nxe7 15. Bc4 Rhf8 16. Rhe1 Ng6 17. Re3 f5 18. g3 f4 19. gxf4 Nxf4 20. Rf3 Nd5 21. c3 c6 22. Re1 Rd6 23. Re5 Kd7 24. Bxd5 Rxd5 25. Rxd5+ cxd5 26. Rf6 Ke7 27. Rxh6 Rg8 28. Kd2 Rg1 29. Rh8 Ra1 30. Rb8 Rxa2 31. Rxb7+ Ke6 32. Ke3 Ra1 33. Kf3 Rb1 34. Rxa7 Rxb2 35. Ra5 Rc2 36. Rc5 Rc1 37. Kg2 Rc2 38. h4 Re2 39. Kg3 Kd6 40. c4 dxc4 41. Rxc4 Kd5 42. Rc7 f5 43. Rc5+ Kxd4 44. Rxf5 Re6 45. h5 Ke4 46. Kg4 Kd4 47. f4 Ke4 48. Re5+ Rxe5 49. fxe5 Kxe5 50. Kg5 1-0

[Event "GER-chT U14 Girls"]
[Site "Dittrichshuette"]
[Date "2004.12.29"]
[Round "5.2"]
[White "Voss, Chantal"]
[Black "Saak, Saskia"]
[Result "1-0"]
[WhiteElo "1263"]
[BlackElo "1154"]
[PlyCount "73"]
[EventDate "2004.12.27"]
[EventType "team"]
[EventRounds "6"]
[EventCountry "GER"]
[SourceTitle "EXT 2006"]
[Source "ChessBase"]
[SourceDate "2005.11.24"]
[SourceVersion "1"]
[SourceVersionDate "2005.11.24"]
[SourceQuality "1"]

1. d4 d5 2. c4 c6 3. Nc3 Nf6 4. cxd5 cxd5 5. Bf4 Bf5 6. e3 e6 7. Nf3 Nc6 8. Bd3 Bxd3 9. Qxd3 Bb4 10. 0-0 0-0 11. Ne2 Ne4 12. Ng3 Nxg3 13. fxg3 f6 14. e4 Ba5 15. a3 Bb6 16. Rad1 Qd7 17. Kh1 Rfd8 18. e5 Qe7 19. exf6 Qxf6 20. Bg5 Qf7 21. Bxd8 Rxd8 22. Ng5 Qg6 23. Qxg6 hxg6 24. Nxe6 Re8 25. Rfe1 Rc8 26. h4 a6 27. Kh2 Ba7 28. Kh3 b5 29. Kg4 Kh7 30. Kg5 Nb8 31. Rf1 Rc6 32. Nf8+ Kg8 33. Nxg6 Kh7 34. h5 Rc8 35. Rf7 Bb6 36. h6 Rg8 37. Rh1 1-0

[Event "GER-ch U12"]
[Site "Willingen"]
[Date "2004.05.31"]
[Round "5"]
[White "Saak, Saskia"]
[Black "Voss, Chantal"]
[Result "0-1"]
[WhiteElo "1084"]
[BlackElo "1247"]
[PlyCount "72"]
[EventDate "2004.06.??"]
[EventType "swiss"]
[EventRounds "11"]
[EventCountry "GER"]
[SourceTitle "EXT 2005"]
[Source "ChessBase"]
[SourceDate "2004.11.15"]
[SourceVersion "1"]
[SourceVersionDate "2004.11.15"]
[SourceQuality "1"]

1. e4 e6 2. d4 d5 3. exd5 exd5 4. Bd3 Nf6 5. Nc3 Bb4 6. Nge2 0-0 7. Bg5 Bg4 8. f3 Be6 9. Qd2 Nbd7 10. 0-0-0 c6 11. h4 Qa5 12. Kb1 g6 13. Bxf6 Nxf6 14. Qg5 Kg7 15. h5 h6 16. Qg3 g5 17. Rdg1 Nd7 18. Qf2 c5 19. g4 cxd4 20. Qxd4+ f6 21. f4 Bc5 22. Qa4 Qxa4 23. Nxa4 Bxg1 24. Rxg1 Rae8 25. Nd4 Bxg4 26. fxg5 fxg5 27. Bg6 Re7 28. b3 Bh3 29. Nc3 Re5 30. Kb2 a6 31. Rg3 g4 32. b4 Nf6 33. Rd3 Kg8 34. Nb3 Nxh5 35. Nxd5 Nf6 36. Nc3 Kg7 0-1

[Event "GER-ch U12"]
[Site "Willingen"]
[Date "2004.05.30"]
[Round "3"]
[White "Saak, Saskia"]
[Black "Kohm, Vanessa"]
[Result "0-1"]
[WhiteElo "1084"]
[BlackElo "1315"]
[PlyCount "94"]
[EventDate "2004.06.??"]
[EventType "swiss"]
[EventRounds "11"]
[EventCountry "GER"]
[SourceTitle "EXT 2005"]
[Source "ChessBase"]
[SourceDate "2004.11.15"]
[SourceVersion "1"]
[SourceVersionDate "2004.11.15"]
[SourceQuality "1"]

1. e4 e5 2. Nf3 Nf6 3. d4 exd4 4. e5 Ng4 5. Qxd4 d6 6. Bf4 a6 7. exd6 cxd6 8. Nc3 Nc6 9. Qd2 Be6 10. Bd3 Nge5 11. Nxe5 dxe5 12. Be3 Bb4 13. a3 Ba5 14. 0-0-0 0-0 15. h4 h6 16. Bxh6 e4 17. Qg5 Qxg5+ 18. Bxg5 exd3 19. Rxd3 f6 20. Bf4 Rad8 21. Rg3 Rd4 22. Be3 Rg4 23. Rxg4 Bxg4 24. Nd5 Rd8 25. c4 Be6 26. b4 Bxd5 27. cxd5 Bxb4 28. axb4 Nxb4 29. h5 Kh7 30. h6 g6 31. Bd4 Nxd5 32. g4 Rc8+ 33. Kd2 Rc6 34. f3 b5 35. Kd3 Re6 36. Kd2 a5 37. Bf2 a4 38. Kc2 b4 39. Bd4 a3 40. Kb3 Ra6 41. Rh2 Rc6 42. Ka2 Nc3+ 43. Ka1 b3 44. Bxc3 Rxc3 45. Kb1 a2+ 46. Rxa2 bxa2+ 47. Kxa2 Rxf3 0-1

[Event "GER-ch U12"]
[Site "Willingen"]
[Date "2004.05.30"]
[Round "1"]
[White "Saak, Saskia"]
[Black "Voelsgen, Georg"]
[Result "0-1"]
[WhiteElo "1084"]
[BlackElo "1456"]
[PlyCount "102"]
[EventDate "2004.06.??"]
[EventType "swiss"]
[EventRounds "11"]
[EventCountry "GER"]
[SourceTitle "EXT 2005"]
[Source "ChessBase"]
[SourceDate "2004.11.15"]
[SourceVersion "1"]
[SourceVersionDate "2004.11.15"]
[SourceQuality "1"]

1. e4 e5 2. Nf3 Nc6 3. Bc4 Bc5 4. d3 Nf6 5. Nc3 d6 6. Be3 Bb6 7. Qd2 h6 8. 0-0-0 Be6 9. Bb5 a6 10. Ba4 Ba5 11. Kb1 Bg4 12. d4 Nxe4 13. Qd3 Nxc3+ 14. bxc3 b5 15. Bb3 Bxf3 16. Qf5 Qf6 17. Qxf6 gxf6 18. gxf3 Bxc3 19. Bd5 Kd7 20. dxe5 fxe5 21. Bxf7 Raf8 22. Bd5 Bd4 23. Rhg1 Bxe3 24. Rg7+ Ne7 25. fxe3 Kd8 26. Bb7 a5 27. Be4 Nf5 28. Bxf5 Rxf5 29. Rf1 Rhf8 30. Rg3 Kd7 31. c3 Kc6 32. Kc2 Kc5 33. a3 d5 34. Kb3 a4+ 35. Kc2 R8f6 36. Rf2 c6 37. Rh3 Kb6 38. Kd2 Kc5 39. f4 exf4 40. exf4 Kc4 41. Kc2 Rxf4 42. Rxf4+ Rxf4 43. Rxh6 Rf2+ 44. Kd1 c5 45. Rh3 Ra2 46. Kc1 Rxa3 47. Kb2 Rb3+ 48. Kc2 a3 49. Rh4+ d4 50. Rh3 Rxc3+ 51. Rxc3+ dxc3 0-1